LEADER 00853nam a2200169 i 4500 001 000000216379 003 CaOOAMICUS 005 20230721143238.0 008 121017s1853 it u000 u lat u 040 $aSeMil$bita 245 10$aTomus 5. 300 $a982 p. 773 0 $aFerraris, Lucio <1687-1763>$tF. Lucii Ferraris ... Prompta bibliotheca canonica iuridica moralis theologica nec non ascetica polemica rubricistica historica.$bEditio novissima mendis expurgata ... Opera et studio monachorum Ordinis Sancti Benedicti abbatiae Montis Casini.$d[Monte Cassino] : Typis Abbatiae Montis Casini ; Romae : apud Fridericum Lampato, 1844-1855.$g5$w()27549 850 $aSeMil 852 $aSeMil$W1$xVenegono$y1$m2E V 63 FA$j166798$B166798$CSeMilBibl$Z2$F177649 $8I 996 $6245$aTomus 5$9(OLS)http://semarc/title/308130 LEADER 01130nam a2200289 i 4500 001 000000128719 003 CaOOAMICUS 005 20200918141742.0 008 070801s2006 it u000 u ita u 013 $a101447 020 $a88-10-80855-X 040 $aSeMil$bita 100 1 $aJacobus : de Voragine,$c.$0(OLS)http://semarc/name/108879 245 10$aMariale Aureo /$cJacopo da Varagine ; versione italiana, introduzione e dizionario di Valerio Ferrua. 260 $aBologna :$bEDB,$c2006. 300 $a500 p. ;$c22 cm. 650 4$aJacopo : da Varazze <1228-1298>.$0(OLS)http://semarc/subject/24837 700 1 $aFerrua, Valerio.$0(OLS)http://semarc/name/53508 850 $aSeMil 852 $aSeMil$W1$xVenegono$y1$m2L III 17$j82931$B82931$CSeMilBibl$Z2$F125863 $81 900 0 $aIacopo : di Varazze. 961 $aAcquisto: DEA 996 $6020$a88-10-80855-X$9(OLS)http://semarc/number/115382 996 $6245$aMariale Aureo$9(OLS)http://semarc/title/190247 996 $6260$aBologna :$bEDB$9(OLS)http://semarc/publisher/29669